[Event "Vienna Silvester op-B"]
[Site "Vienna"]
[Date "2021.12.29"]
[Round "3"]
[White "Soldo, Dario"]
[Black "Pichler, Moritz"]
[Result "1-0"]
[WhiteElo "1473"]
[BlackElo "900"]
[PlyCount "55"]
[EventDate "2021.12.27"]
[EventType "swiss"]
[EventRounds "7"]
[EventCountry "AUT"]
[SourceTitle "EXT 2023"]
[Source "ChessBase"]
[SourceDate "2022.10.05"]
[SourceVersion "1"]
[SourceVersionDate "2022.10.05"]
[SourceQuality "1"]

1. e4 c5 2. c3 d5 3. e5 d4 4. cxd4 cxd4 5. Nf3 Nc6 6. Bb5 e6 7. Qa4 Bd7 8. 0-0 Bc5 9. Qc4 Bb6 10. b3 Rc8 11. Bxc6 Bxc6 12. Qd3 Ne7 13. Na3 a6 14. Nc4 Bc5 15. Ba3 Bb5 16. Bxc5 Rxc5 17. Rac1 Bxc4 18. Rxc4 Rxc4 19. Qxc4 Nc6 20. Qc5 Rf8 21. Rc1 f6 22. exf6 Rxf6 23. Qh5+ Ke7 24. Qxh7 Kf7 25. Ng5+ Ke8 26. Qxg7 Rf5 27. Qg6+ Ke7 28. Qxe6+ 1-0